<?xml version="1.0" encoding="UTF-8"?>
<record
    xmlns:xsi="http://www.w3.org/2001/XMLSchema-instance"
    xsi:schemaLocation="http://www.loc.gov/MARC21/slim http://www.loc.gov/standards/marcxml/schema/MARC21slim.xsd"
    xmlns="http://www.loc.gov/MARC21/slim">

  <leader>00841nam a2200253 a 4500</leader>
  <controlfield tag="001">BRCA_7873</controlfield>
  <controlfield tag="005">20190320210031.0</controlfield>
  <controlfield tag="008">191113s1884----gw-a######---#000-0#ger-#</controlfield>
  <datafield tag="041" ind1=" " ind2=" ">
    <subfield code="a">ger</subfield>
  </datafield>
  <datafield tag="044" ind1=" " ind2=" ">
    <subfield code="a">gw</subfield>
  </datafield>
  <datafield tag="050" ind1=" " ind2="4">
    <subfield code="a">ND588.D8</subfield>
    <subfield code="b">.A43 1884</subfield>
  </datafield>
  <datafield tag="245" ind1="1" ind2="0">
    <subfield code="a">Albrecht Durer&#xB4;s kleine passion.</subfield>
  </datafield>
  <datafield tag="260" ind1=" " ind2=" ">
    <subfield code="a">M&#xFA;nich</subfield>
    <subfield code="b">G. Hirth</subfield>
    <subfield code="c">1884</subfield>
  </datafield>
  <datafield tag="300" ind1=" " ind2=" ">
    <subfield code="a">2 v. (sin paginaci&#xF3;n)</subfield>
    <subfield code="b">il., 37 l&#xE1;minas</subfield>
    <subfield code="c">22 cm.</subfield>
  </datafield>
  <datafield tag="440" ind1=" " ind2="0">
    <subfield code="a">Liebhaber-Bibliothek alter Illustratoren in Facsimile-Reproduction</subfield>
    <subfield code="v">8</subfield>
    <subfield code="9">19477</subfield>
  </datafield>
  <datafield tag="500" ind1=" " ind2=" ">
    <subfield code="a">Y137</subfield>
  </datafield>
  <datafield tag="500" ind1=" " ind2=" ">
    <subfield code="a">Existe un ejemplar igual con el mismo n&#xFA;mero de control Y137</subfield>
  </datafield>
  <datafield tag="500" ind1=" " ind2=" ">
    <subfield code="a">Dos ejemplares inventariados como un s&#xF3;lo libro por el Banco de M&#xE9;xico</subfield>
  </datafield>
  <datafield tag="600" ind1="1" ind2="4">
    <subfield code="a">Durer, Albrecht</subfield>
    <subfield code="d">1471-1528</subfield>
    <subfield code="9">48</subfield>
  </datafield>
  <datafield tag="650" ind1="1" ind2="4">
    <subfield code="a">Grabadores alemanes</subfield>
    <subfield code="9">7216</subfield>
  </datafield>
  <datafield tag="650" ind1="1" ind2="4">
    <subfield code="a">Grabados alemanes</subfield>
    <subfield code="9">19478</subfield>
  </datafield>
  <datafield tag="902" ind1=" " ind2=" ">
    <subfield code="a">GFM</subfield>
  </datafield>
  <datafield tag="942" ind1=" " ind2=" ">
    <subfield code="2">lcc</subfield>
    <subfield code="c">B</subfield>
  </datafield>
  <datafield tag="999" ind1=" " ind2=" ">
    <subfield code="c">7547</subfield>
    <subfield code="d">7547</subfield>
  </datafield>
  <datafield tag="952" ind1=" " ind2=" ">
    <subfield code="0">0</subfield>
    <subfield code="1">0</subfield>
    <subfield code="4">0</subfield>
    <subfield code="7">0</subfield>
    <subfield code="a">BRCA</subfield>
    <subfield code="b">BRCA</subfield>
    <subfield code="d">2013-11-19</subfield>
    <subfield code="i">Y137</subfield>
    <subfield code="l">0</subfield>
    <subfield code="o">ND588.D8 .A43 1884 (Y137)</subfield>
    <subfield code="p">8484</subfield>
    <subfield code="r">2019-03-22 00:00:00</subfield>
    <subfield code="w">2019-03-22</subfield>
    <subfield code="y">B</subfield>
  </datafield>
</record>
